000 00324nam a2200121Ia 4500
008 240731s9999 xx 000 0 und d
022 _a2253-2609
245 0 _aResearch and Reports in Focused Ultrasound
260 _bDove Medical Press
856 _uhttps://www.tandfonline.com/loi/drfo20
942 _2ddc
942 _cTFEJ
999 _c79200
_d79200
945 _a1
_bMadushi Gamage
_c1
_dMadushi Gamage